The art and science of leadership : by Afsaneh Nahavandi.

Bibliographic Details
Main Author: Nahavandi, Afsaneh
Format: Book
Published: Upper Saddle River, New Jersey: Prentice Hall, 2003.
Subjects:
LEADER 00521cam a2200181 7i4500
001 0000016789
005 20151104090000.0
005 ##20151104120400.0
003 ##MY-KlINT
020 # # |a 0130458120  
039 # 9 |y 201511041204  |z VLOAD 
090 0 0 |a 158.4   |b NAH 
100 1 # |a Nahavandi, Afsaneh 
245 1 4 |a The art and science of leadership :   |b by Afsaneh Nahavandi. 
260 # # |a Upper Saddle River, New Jersey:   |b Prentice Hall,   |c 2003. 
300 # # |a 338 p.. 
650 # 0 |a Leadership  
650 # 0 |a Leadership --   |x Cross --   |y Cultural studies